• 首页
  • 本馆介绍
  • 公告通知
  • 最新文献
  • 馆藏检索
  • 电子资源
  • 读者导购
  • 参考咨询
  • 我的图书馆
  • 登录
  • 详细信息显示
  • 放入我的书架
  • 预约/预借图书
  • 作者相关作品
  • 分类相关作品
  • 丛书相关作品
  • 出版社相关作品

书目信息

  • 表格格式
  • 工作单格式
  • 卡片格式
题名:
商子译注
    
 
作者: ;山东大学《商子译注》编写组 编
分册:  
出版信息: 济南   齐鲁书社  1982
页数: 204页
开本: 21cm
丛书名:
单 册:
中图分类: B226.2
科图分类:
主题词: 商鞅--哲学 , 商鞅
电子资源:
ISBN:
000 00681nam0 2200241 45
001 0182006283
005 20050519151258.9
010    @dCNY0.77
091    @a11206.44
100    @a19950606d1982 em y0chiy0121 ea
101 0  @achi
102    @aCN@b370000
105    @ay z 000yy
200 10 @a商子译注@Ashang zi yi zhu@f山东大学《商子译注》编写组编@FShan Dong Da Xue《Shang Zi Yi Zhu》Bian Xie Zu Bian
210    @a济南@c齐鲁书社@d1982
215    @a204页@d21cm
606    @a商鞅@x哲学
606 0  @a商鞅
690    @aB226.2@v3
711 02 @a山东大学《商子译注》编写组@4编
801  0 @aCN@b上海图书馆@c20040429
801  2 @aCN@bNLC@c20040429
905    @dB226.2@e87@f1@b229864
    
    商子译注/山东大学《商子译注》编写组编.-济南:齐鲁书社,1982
    204页;21cm
    
    
    ISBN :CNY0.77
    
●
相关链接 在E读中查询图书 在五车中查询图书 在当当中查询图书 在豆瓣中查询图书


正题名:商子译注     索取号:B226.2/87         预约/预借

序号 登录号 条形码 馆藏地/架位号 状态 备注
1 0219351   001734243   密集书库/ [索取号:B226.2/87] 在馆    
2 0219352   001733333   密集书库/ [索取号:B226.2/87] 在馆    
3 0229863   000508472   第一借阅区/ [索取号:B226.2/87] 在馆    
4 0229864   002049777   第一样本阅览室/ [索取号:B226.2/87] 在馆    
唐山师范学院图书馆 欢迎您!
大连网信软件有限公司© 版权所有